Foreword

Elmentve itt :
Bibliográfiai részletek
Szerző: Szent-Györgyi Albert
Dokumentumtípus: Cikk
Megjelent: Akadémiai Kiadó Budapest 1972
Sorozat:The anti-inflammatory action of flavonoids
Online Access:http://misc.bibl.u-szeged.hu/73991
LEADER 00613nab a2200169 i 4500
001 misc73991
005 20241018094901.0
008 240108s1972 hu o 000 hun d
040 |a SZTE Miscellanea Repozitórium  |b hun 
041 |a hun 
100 2 |a Szent-Györgyi Albert 
245 1 0 |a Foreword  |h [elektronikus dokumentum] /  |c  Szent-Györgyi Albert 
260 |a Akadémiai Kiadó  |b Budapest  |c 1972 
300 |a 7-8 
490 0 |a The anti-inflammatory action of flavonoids 
561 |a Szent-Györgyi Albert tudományos és egyéb írásai 
856 4 0 |u http://misc.bibl.u-szeged.hu/73991/1/szgya_magyar_375.pdf  |z Dokumentum-elérés